000 00625nab a2200229 a 4500
001 66216
003 139046
005 20201118110256.0
008 ||||||n9999 ||| || ||
041 _aspa
100 _aBaron, Ciro Angarita
245 0 _aEl Consejo de Planeacion social yn participativa :
_bla constitutio. Rey de burlas pp.6-29
260 _aBogotá :
_bCNP,
_c1997.
300 _app.5-6
562 _e0
650 _aCONSTITUCIONES
650 _aPLANIFICACION PARTICIPATIVA
650 _aPLANIFICACION SOCIAL
650 _aPOLÍTICA SOCIAL
773 _066184
_aEl salto social :
942 _cANADG
999 _c66216
_d66216